Геологические маршруты в Северной Хакасии: учебное пособие

מידע ביבליוגרפי
מחבר ראשי: Рычкова И. В. Ирина Владимировна
מחבר תאגידי: Национальный исследовательский Томский политехнический университет Инженерная школа природных ресурсов Отделение геологии
מחברים אחרים: Шаминова М. И. Марина Ивановна
סיכום:К 65-летию центра учебных геологических практик ТПУ
Заглавие с титульного экрана
В пособии приведено описание геологического строения района прохождения учебных геологических практик студентами Томского политехнического университета. Охарактеризованы геологические структуры и горные породы Кузнецкого Алатау (Батеневского кряжа) и Минусинского межгорного прогиба (Чебаково-Балахтинской впадины). Фотографии пособия, кроме особо отмеченных, являются авторскими. Окаменелости, горные породы, минералы, представленные на фотографиях, – это оригинальные находки авторов и студентов. Все они хранятся в Горном корпусе ТПУ. Пособие предназначено для студентов-геологов, проходящих учебную геологическую практику в Северной Хакасии, для молодых преподавателей, а также для всех, кто интересуется геологией района.
AM_TPU_network
שפה:רוסית
יצא לאור: Томск, Изд-во ТПУ, 2023
נושאים:
גישה מקוונת:https://www.lib.tpu.ru/fulltext2/m/2023/m45.pdf
פורמט: אלקטרוני ספר
KOHA link:https://koha.lib.tpu.ru/cgi-bin/koha/opac-detail.pl?biblionumber=670566

MARC

LEADER 00000nam0a2200000 4500
001 670566
005 20240619094439.0
090 |a 670566 
100 |a 20240206d2023 m||y0rusy50 ca 
101 0 |a rus 
102 |a RU 
105 |a a j 011yy 
135 |a drcn ---uucaa 
181 0 |a i   |b  e  
182 0 |a b 
183 0 |a cr  |2 RDAcarrier 
200 1 |a Геологические маршруты в Северной Хакасии  |e учебное пособие  |f И. В. Рычкова, М. И. Шаминова  |g Национальный исследовательский Томский политехнический университет, Инженерная школа природных ресурсов, Отделение геологии 
203 |a Текст  |c электронный  |b визуальный 
210 |a Томск  |d 2023  |c Изд-во ТПУ 
215 |a 1 файл (8,6 MB, 128 с.) 
283 |a online_resource  |2 RDAcarrier 
300 |a К 65-летию центра учебных геологических практик ТПУ 
300 |a Заглавие с титульного экрана 
320 |a Список литературы: с. 127 (27 назв.) 
330 |a В пособии приведено описание геологического строения района прохождения учебных геологических практик студентами Томского политехнического университета. Охарактеризованы геологические структуры и горные породы Кузнецкого Алатау (Батеневского кряжа) и Минусинского межгорного прогиба (Чебаково-Балахтинской впадины). Фотографии пособия, кроме особо отмеченных, являются авторскими. Окаменелости, горные породы, минералы, представленные на фотографиях, – это оригинальные находки авторов и студентов. Все они хранятся в Горном корпусе ТПУ. Пособие предназначено для студентов-геологов, проходящих учебную геологическую практику в Северной Хакасии, для молодых преподавателей, а также для всех, кто интересуется геологией района. 
371 0 |a AM_TPU_network 
452 1 |0 672092  |9 672092  |a Рычкова, И. В. (геолог ; 1967-)  |c Томск  |d 2023  |n Изд-во ТПУ  |o учебное пособие  |p 128 с.  |t Геологические маршруты в Северной Хакасии 
606 1 |a Геология  |y Хакасия  |9 83733 
606 1 |a Геологическая практика, учебная  |9 83627 
610 1 |a труды учёных ТПУ 
610 1 |a электронный ресурс 
610 1 |a учебные пособия 
610 1 |a геологическое строение 
610 1 |a экзогенные процессы 
610 1 |a эндогенные процессы 
610 1 |a стратиграфия 
610 1 |a дизъюнктивная тектоника 
610 1 |a полезные ископаемые 
610 1 |a учебные геологические практики 
610 1 |a Северная Хакасия 
610 1 |a Кузнецкий Алатау 
610 1 |a Батенёвский кряж 
610 1 |a Минусинский межгорный прогиб 
675 |a 55(571.51)(075.8)  |v 4 
675 |a 55(075.8)  |v 4 
700 1 |a Рычкова  |b И. В.  |c геолог  |c доцент Томского политехнического университета, инженер, кандидат геолого-минералогических наук  |f 1967-  |g Ирина Владимировна  |3 (RuTPU)RU\TPU\pers\26008  |9 11016 
701 1 |a Шаминова  |b М. И.  |c российский геолог  |c доцент Томского политехнического университета, кандидат геолого-минералогических наук  |f 1955-  |g Марина Ивановна  |9 11899 
712 0 2 |a Национальный исследовательский Томский политехнический университет  |b Инженерная школа природных ресурсов  |b Отделение геологии  |9 28339 
801 0 |a RU  |b 63413507  |c 20240206  |g RCR 
856 4 0 |u https://www.lib.tpu.ru/fulltext2/m/2023/m45.pdf  |z https://www.lib.tpu.ru/fulltext2/m/2023/m45.pdf 
942 |c CF